| 000 | 02493cam a22004574i 4500 | ||
|---|---|---|---|
| 003 | PE-LiUPU | ||
| 005 | 20250731165438.0 | ||
| 008 | 160530s2016 pe a grm 000 0 spa d | ||
| 035 | _a(Sirsi) a156959 | ||
| 040 |
_aPE-LiUPU _bspa _cPE-LiUPU _erda |
||
| 099 |
_aTPS 2 _bB45 2016 |
||
| 100 | 1 |
_aBermúdez Vargas, Katterin Zenobia _eautor |
|
| 245 | 1 |
_aRasgos de personalidad y asertividad en los estudiantes del 1er. y 2do año de la Facultad de Ciencias de la Salud de una universidad privada de Lima-este, 2015 / _cKatterin Zenobia Bermúdez Vargas. |
|
| 264 | 0 | _c2015. | |
| 300 |
_a102 hojas : _bilustraciones; _c30 cm |
||
| 336 |
_atext _2rdacontent |
||
| 337 |
_aunmediated _2rdamedia |
||
| 338 |
_avolume _2rdacarrier |
||
| 502 |
_aTesis _b(Lic.) -- _cUniversidad Peruana Unión, _d2016. |
||
| 504 | _aIncluye referencias | ||
| 520 | 3 | _aEl presente trabajo de investigación tiene como objetivo determinar la relación entre los rasgos de personalidad y asertividad en los estudiantes del 1er y 2do año de la Facultad de Ciencias de la Salud de una universidad privada de Lima Este, 2015. El tipo de estudio es cuantitativo, de alcance descriptivo correlacional y de corte transversal para lo cual participaron 210 estudiantes cuyas edades oscilaban entre los 16 y 25 años. En la recolección de datos se utilizó el inventario de personalidad reducido en cinco factores (NEOFFI) y la escala de evaluación de la asertividad (ADCA-1). Los resultados evidenciaron que si existe relación significativa entre las variables de estudio. Además, se halló relación significativa y moderada entre el rasgo extraversión y el rasgo responsabilidad con las dimensiones autoasertividad y heteroasertividad, mientras que, se encontró relación negativa y moderada entre el rasgo neuroticismo y las dimensiones autoasertividad y heteroasertividad en los estudiantes universitarios. | |
| 526 | _aSEG44 | ||
| 526 | _aSEG26 | ||
| 526 | _aP151 | ||
| 526 | _aP150 | ||
| 526 | _aP149 | ||
| 526 | _aP146 | ||
| 526 | _aP145 | ||
| 526 | _aP126 | ||
| 526 | _aP125 | ||
| 526 | _aP92 | ||
| 526 | _aP75 | ||
| 526 | _aP74 | ||
| 526 | _aP27 | ||
| 526 | _aP15 | ||
| 650 | 0 | 4 |
_aEscolares _xAsertividad _xPersonalidad _vTesis. |
| 700 | 1 |
_aCcancce Gastelú, Priscila Katty _eautor |
|
| 596 | _a1 | ||
| 942 |
_2ddc _cTESIS |
||
| 999 |
_aTPS 2 B45 2016 _wALPHANUM _c9624 _iT01952 _lCCODEBUL3 _mBUL _r1 _sY _tTESIS _u2016-5-30 _xSALUD _o.STAFF. Tesis _d9624 |
||
| 980 |
_81 _gALBERTO SANCHEZ Responsable de Automatización |
||